| 000 | 00395nam a2200145Ia 4500 | ||
|---|---|---|---|
| 008 | 231129s1997||||xx |||||||||||||| ||spa|| | ||
| 020 | _a958-676-005-7 | ||
| 040 | _bspa | ||
| 082 | _a350.9861 C117p | ||
| 100 | _aCabrera Castro Teófilo | ||
| 245 | 0 | _aEl proceso disciplinario | |
| 260 | _c1997 | ||
| 264 | _aEdiciones Doctrina y Ley | ||
| 942 |
_2ddc _cBKS |
||
| 999 |
_c12212 _d12212 |
||